| 000 | 00000nam##2200000za#4500 |
| 001 | 9.566596 |
| 003 | CaOODSP |
| 005 | 20241203113634 |
| 007 | cr ||||||||||| |
| 008 | 150406|2001||||xxc|||||o f|0| 0 eng|d |
| 040 | |aCaOODSP|beng |
| 043 | |an-cn--- |
| 086 | 1 |aEn40-215/51E-PDF |
| 110 | 1 |aCanada. |bEnvironment Canada. |
| 245 | 10|aEthylene Oxide |h[electronic resource] |
| 260 | |aOttawa - Ontario : |bEnvironment Canada |cSeptember 2001. |
| 300 | |a90p.|bfigs., graphs, references, tables |
| 490 | 1 |aPriority substances list assessment report |
| 500 | |aThe catalogue number (En40-215/51E) and ISBN (0-662-28980-3) for the print edition have been incorrectly copied in the PDF edition. |
| 590 | |a10-10-Supp|b2010-11-09 |
| 775 | 08|tOxyde d'éthylène |w(CaOODSP)9.598064 |
| 776 | 0#|tEthylene oxide |w(CaOODSP)9.615999 |
| 830 | #0|aPriority substances list assessment report.|w(CaOODSP)9.504442 |
| 856 | 40|ahttp://publications.gc.ca|qPDF|s350 KB|uhttps://publications.gc.ca/collections/Collection/En40-215-51E.pdf |